La Siniestralidad laboral como delito

Detalles Bibliográficos
Autor principal: Terradillos Basoco, Juan
Formato: Libro
Lenguaje:español
Publicado: Albacete : Bomarzo, 2006
Materias:
Acceso en línea:Acceso restringido

MARC

LEADER 00000nam a2200000 a 4500
005 2011091502212.0
008 070130s2006 sp |||||| |00| ||spa|c
020 |a 9788496721005 
035 |a 5740 
040 |d vLex 
090 |c 2470  |d 2470 
100 1 |a Terradillos Basoco, Juan 
245 1 3 |a La Siniestralidad laboral como delito   |h [Recurso electrn̤ico] /  |c Juan Mara̕ Terradillos Basoco 
256 |a Servicio en ln̕ea. 
260 |a Albacete :  |b Bomarzo,  |c 2006 
300 |a 160 p. 
506 1 |a Contenido solo disponible en los productos indicados  |d vLex Global  |d vLex Global (Academic Edition, excluding Law Schools)  |d vLex Global (U.S. Academic Edition, Law Schools)  |d vLex Global (U.S. Academic Edition, excluding Law Schools)  |d vLex Global (Academic Edition, Law Schools) 
650 0 4 |a Trabajo  |x Accidentes  |x Derecho  |z Espaą 
650 0 4 |a Seguridad en el trabajo  |x Derecho  |z Espaą 
740 0 |a vLex Libros (Servicio en ln̕ea) 
856 4 0 |u http://vlex.com/source/siniestralidad-laboral-delito-5740  |z Acceso restringido 
942 |c BOOK